000 00329nam a22001337a 4500
008 181107b xxu||||| |||| 00| 0 eng d
020 _a9780312032098
041 _aeng
080 _24th
_a101
100 _a24
101 _aFIL
245 _aWith Good Reason An Introduction to Informal Fallacies
_cEngel,S.M
942 _2udc
_cBK
999 _c52058
_d52058